Phục hồi ảnh nhanh & dễ với Photoshop 9

Nội dung sách: gồm 12 bài tập thực hành xử lý ảnh. Thông qua các bài tập sẽ giúp các bạn thành thạo, khai thác hiệu quả Photoshop trong công việc của mình.

保存先:
書誌詳細
フォーマット: 図書
言語:Undetermined
出版事項: Thành phố Hồ Chí Minh Thống kê 2007
主題:
タグ: タグ追加
タグなし, このレコードへの初めてのタグを付けませんか!
Thư viện lưu trữ: Trung tâm Học liệu Trường Đại học Cần Thơ
LEADER 00889nam a2200193Ia 4500
001 CTU_214211
008 210402s9999 xx 000 0 und d
082 |a 006.68 
082 |b Ph506 
245 0 |a Phục hồi ảnh nhanh & dễ với Photoshop 9 
245 0 |c Biên soạn: Ánh Tuyết , Quang Hân 
260 |a Thành phố Hồ Chí Minh 
260 |b Thống kê 
260 |c 2007 
520 |a Nội dung sách: gồm 12 bài tập thực hành xử lý ảnh. Thông qua các bài tập sẽ giúp các bạn thành thạo, khai thác hiệu quả Photoshop trong công việc của mình. 
650 |a Photoshop ( Computer programs ),Computer graphics,Phần mềm Photoshop ( Chương trình vi tính ) 
650 |x Computer programs 
904 |i Giang 
980 |a Trung tâm Học liệu Trường Đại học Cần Thơ